| 000 | 01284nam a2200229 a 4500 | ||
|---|---|---|---|
| 001 | 20567 | ||
| 003 | CO-ViMGA | ||
| 008 | 141112s2004 ck r 000 u spa d | ||
| 020 | _a8479034092 | ||
| 040 |
_aCO-ViMGA _bspa _cCO-ViMGA |
||
| 082 | 0 | 4 | _a616.6 D153i |
| 100 | 1 |
_aDalet, Fernando; Del Río, Gerardo _929780 |
|
| 245 | 1 | 0 | _aInfecciones Urinarias |
| 260 |
_aMadrid : _bMedica panAméricana, _c1998 |
||
| 300 | _a475p | ||
| 505 | _aGeneralidades de las infecciones urinarias 12 - - Etiología de las infecciones urinarias 33 - - Patogenia de las infecciones urinarias 69 - - Diagnóstico 127 - - Infección de vías : cistitis 163 - - Infección de vías : síndrome uretral y bacteriuria del cateter 225 - - Bacteriuria asintomática 265 - - Infecciones parenquimatosas : pielonefritis 299 - - Infecciones parenquimatosas : prostatitis y orquiepididimitis 341 - - Infecciones sistemicas de origen urológico 399 - - Profilaxis antibiótica en urología 447 | ||
| 590 | _aForma de adquisición : Compra fact. 0536 - - Precio : 155000 - - Proveedor : Temas y libros - - Fecha de adquisición : Abril 2006 | ||
| 650 | 1 | 4 |
_aAPARATO URINARIO - INFECCIONES _929781 |
| 650 | 1 | 4 |
_aENFERMEDADES RENALES _929782 |
| 650 | 1 | 4 |
_aINFECCIONES DEL TRACTO URINARIO _929783 |
| 942 |
_2ddc _cBK |
||
| 999 |
_c29561 _d29561 |
||